000 00512nmm a2200157Ia 4500
008 251105s9999||||xx |||||||||||||||||und||
020 _a9789562845427
041 _aspa
100 _aVillalon, Alberto
245 0 _aUn diccionario bizarro :
_b 5000 palabras divertidas y escandalosas en 73 lenguas
264 _a[Santiago de Chile, Chile] :
_bRil editores,
_c2007
300 _a362 páginas
650 _aEncyclopedias & Dictionaries
856 _uhttps://public.digitaliapublishing.com/a/29701
942 _cCF
999 _c94394
_d94394